<?xml version="1.0" encoding="UTF-8"?><?xml-stylesheet type="text/xsl" href="static/style.xsl"?><OAI-PMH xmlns="http://www.openarchives.org/OAI/2.0/" xmlns:xsi="http://www.w3.org/2001/XMLSchema-instance" xsi:schemaLocation="http://www.openarchives.org/OAI/2.0/ http://www.openarchives.org/OAI/2.0/OAI-PMH.xsd"><responseDate>2026-04-13T13:23:05Z</responseDate><request verb="GetRecord" identifier="oai:www.recercat.cat:2117/189462" metadataPrefix="marc">https://recercat.cat/oai/request</request><GetRecord><record><header><identifier>oai:recercat.cat:2117/189462</identifier><datestamp>2025-07-16T22:52:07Z</datestamp><setSpec>com_2072_1033</setSpec><setSpec>col_2072_452949</setSpec></header><metadata><record xmlns="http://www.loc.gov/MARC21/slim" xmlns:dcterms="http://purl.org/dc/terms/" xmlns:xsi="http://www.w3.org/2001/XMLSchema-instance" xmlns:doc="http://www.lyncode.com/xoai" xsi:schemaLocation="http://www.loc.gov/MARC21/slim http://www.loc.gov/standards/marcxml/schema/MARC21slim.xsd">
   <leader>00925njm 22002777a 4500</leader>
   <datafield ind2=" " ind1=" " tag="042">
      <subfield code="a">dc</subfield>
   </datafield>
   <datafield ind2=" " ind1=" " tag="720">
      <subfield code="a">Tapias, Mauricio A.</subfield>
      <subfield code="e">author</subfield>
   </datafield>
   <datafield ind2=" " ind1=" " tag="720">
      <subfield code="a">Alonso Pérez de Agreda, Eduardo</subfield>
      <subfield code="e">author</subfield>
   </datafield>
   <datafield ind2=" " ind1=" " tag="720">
      <subfield code="a">Gili Ripoll, José Antonio</subfield>
      <subfield code="e">author</subfield>
   </datafield>
   <datafield ind2=" " ind1=" " tag="260">
      <subfield code="c">2011</subfield>
   </datafield>
   <datafield ind2=" " ind1=" " tag="520">
      <subfield code="a">This paper presents an analysis of the mechanical behaviour of coarse granular aggregates using the discrete element method. A background reference for the conducted study is the set of results of a few large scale triaxial tests performed at the UPC geotechnical laboratory. The basic tool used to simulate some of the tests is the computer code PFC3D. Rockfill particles (they have the size of gravels, typically ranging from 1 cm to 4 cm) were simulated as breakable clusters of 3D balls. Particle breakage occurs in time according to fracture mechanic’s laws. The relationship between stress intensity at a given particle, the size of an initial defect (crack) and the relative humidity could be established. This information was introduced in the numerical analysis to derive criteria for particle breakage in time. The paper describes the preliminary results of the work in progress. The influence of some properties such as particle shape, porosity, toughness, and friction coefficient was studied. The actual shape of rock gravels has been approximated by means of clusters of spherical particles. Several arrangements, comprising a different number of particles, have been tested, having always as reference validation criterion the results from triaxial tests performed. The results of the modelling exercise are encouraging and test results are reasonably well reproduced. The model is fairly general and it has a number of interesting capabilities.</subfield>
   </datafield>
   <datafield tag="653" ind2=" " ind1=" ">
      <subfield code="a">Àrees temàtiques de la UPC::Matemàtiques i estadística::Anàlisi numèrica::Mètodes en elements finits</subfield>
   </datafield>
   <datafield tag="653" ind2=" " ind1=" ">
      <subfield code="a">Finite element method</subfield>
   </datafield>
   <datafield tag="653" ind2=" " ind1=" ">
      <subfield code="a">Computational methods in mechanics</subfield>
   </datafield>
   <datafield tag="653" ind2=" " ind1=" ">
      <subfield code="a">Particle methods (Numerical analysis)</subfield>
   </datafield>
   <datafield tag="653" ind2=" " ind1=" ">
      <subfield code="a">Granular Materials, DEM</subfield>
   </datafield>
   <datafield tag="653" ind2=" " ind1=" ">
      <subfield code="a">Elements finits, Mètode dels</subfield>
   </datafield>
   <datafield ind2="0" ind1="0" tag="245">
      <subfield code="a">Analysis of micro-properties for triaxial behaviour on coarse aggregates using DEM</subfield>
   </datafield>
</record></metadata></record></GetRecord></OAI-PMH>